000 00810nam a2200217 4500
001 157356
003 ES-MaACL
005 20230906210648.0
008 950426s1898 fr |||| | fre d
040 _aEUS
_bspa
_cEUS
080 _a575.1
100 1 _aLe Dantec, Félix.
_970865
245 1 0 _aEvolution individuelle et hérédité
_b: théorie de la variation quantitative /
_cpar Felix Le Dantec.
260 _aParis :
_bAncienne Librairie Germer Baillière et Cª :
_bFelix Alcan,
_c1898 (
_fImp. Paul Brodard)
300 _a308 p. ;
_c22 cm.
490 1 _aBibliothèque scientifique internatinale ;
_v89
650 0 4 _aHerencia (Biología)
_913323
830 0 _aBibliothèque scientifique internatinale ;
_v89
_9221775
852 _aES-MaACL
_jF-14418
_z-- Enc. ed. en tela
999 _c157356
_d157356